Geography Questions of Increasing Difficulty - Statistics

General Stats
  • This quiz has been taken 138 times
  • The average score is 10 of 15
Answer Stats
Question Answer % Correct
Choose the country that borders Czechia. Germany
100%
Choose the country in Europe Greece
100%
What is the capital of France? Paris
100%
Which one of these is a country? Poland
100%
Which country is larger than China? Russia
100%
Which one of these state names are spelled incorrectly? Texis
100%
Which one of these countries has a land border? Papua New Guinea
96%
How many countries border Togo 3
74%
What is the capital of Bahrain? Manama
72%
What currency does Samoa use? Tala
46%
How many colors are present on the flag of South Africa 6
41%
Which country doesn't depict the southern cross? Palau
39%
How many African nations gained independence in 1960? 17
33%
How many lesser Antilles are there 8
15%
How many countries recognize Palestine? 138
9%
No matching quizzes found
Score Distribution
Percent of People with Each Score
Percentile by Number Answered
Your Score History
You have not taken this quiz